Crónicas y semblanzas de Concepción

Uloženo v:
Podrobná bibliografie
Hlavní autor: Louvel Bert, René (autor)
Médium: Kniha
Jazyk:španělština
Vydáno: Concepción Sucesión René Louvel Bert 1995
Vydání:2a. ed
Témata:
Tagy: Přidat tag
Žádné tagy, Buďte první, kdo vytvoří štítek k tomuto záznamu!

MARC

LEADER 00000nam a2200000 a 4500
001 UCO4471
003 CL-VaPUC
008 000804e19950000CL |||||||||||||||||spa|d
082 0 4 |a 983.35  |b LOU  |2 21 
100 |a Louvel Bert, René  |e autor  |9 449019 
245 1 0 |a Crónicas y semblanzas de Concepción 
250 |a 2a. ed 
300 |a 360 p 
942 |c BK 
945 |d 20000804 00:00:00  |a vberengu 
260 |a Concepción  |b Sucesión René Louvel Bert  |c 1995 
650 0 |a Ciudades  |9 265474 
650 0 |a Vida social y costumbres  |9 258725 
651 0 |a Concepción  |9 254982 
583 |a last modification  |c 20000804 00:00:00  |k Rodrigo Vera 
999 |c 290512  |d 290510 
952 |0 0  |1 0  |4 0  |6 983_350000000000000_LOU_1995  |7 0  |8 P  |9 340001  |a BIBDER  |b BIBDER  |d 2019-11-20  |i 3572331  |o 983.35 LOU 1995  |p 3572331  |r 2023-01-25  |w 2019-11-20  |y BK  |k DER